| 000 | 00516 a2200169 4500 | ||
|---|---|---|---|
| 003 | OSt | ||
| 005 | 20230920162946.0 | ||
| 008 | 230920b |||||||| |||| 00| 0 eng d | ||
| 020 | _a9781032307343 | ||
| 040 | _coclc | ||
| 082 |
_a954.03 _bROY/H |
||
| 100 | 1 |
_aRoy, Himanshu _99543 |
|
| 245 |
_aA history of Colonial India : _b1757 to 1947 / _cEdited by Himanshu Roy, Jawaid Alam |
||
| 260 |
_aLondon: _bRoutledge, _c2023. |
||
| 300 | _a276 p | ||
| 942 |
_2ddc _cBK _h954.03 _iROY/H _k954.03 _mROY/H |
||
| 999 |
_c42252 _d42252 |
||